Quizzes
Events
Quiz Creation
Community
Videos
Private Events
Remove Ads
Sign In
Join for FREE
Feedback
Dark Mode
Quiz Categories
Sports
Geography
Music
Movies
Television
Just For Fun
Miscellaneous
History
Literature
Language
Science
Gaming
Entertainment
Religion
Holiday
For Kids
Quiz Lab
Recent
Popular Today
Quiz Kudos Today
Editor Picks
Curator Picks
Quizzes by...
Day
Popularity
Type
Ratings
Length
Year
Community
Subscriptions
Recent Discussions
Orange Saloon
Badges
Playlists
Quests
Create
Leaderboards
Showdown
Live 5
Trivia Bingo
Activity
Puzzle Library
Sporcle Events
Private Events
Virtual Trivia
Globe League
Become a Host
Pub Owners
SporcleCon
Opinionation
Our Games
Videos
Blog
Mobile Apps
Partnerships
Remove Ads and Go Orange
Feedback
Language
Vocabulary
Begins and Ends
Definition
Spanish
French
German
Italian
Chinese
Latin
Translation
Japanese
Language
Vocabulary
Begins and Ends
Definition
Spanish
French
German
Italian
Chinese
Latin
Translation
Japanese
Random Quiz
Search Sporcle
×
Quiz Lab
Quiz Lab
Language
German
Select answers by clicking on text or image buttons
Select answers by clicking on text or image buttons
Clickable
Best Score? Go Orange.
German Subjunctive Modal Verbs Stats
Can you pick the German Subjunctive Modal Verbs?
By
Brugp
8m
24 Questions
83 Plays
83 Plays
83 Plays
Comments
Comments
Give Quiz Kudos
Give Quiz Kudos
-
- Ratings
hide this ad
Forced Order
Answers have to be entered in order
Answers have to be entered in order
Replay
Link that replays current quiz
Next Quiz
Link to next quiz in quiz playlist
You Got
0%
They Got
Avg Score
64%
Avg Friend Score
Upgrade to see
Score Distribution
Jump to the score distribution portion of the page
Score
0/24
Timer
08:00
0
Plays Today
% Correct
Vielleicht hättest du Deutsch lernen sollen.
89.2%
Es könnte gar nicht schöner sein.
88%
Ich will ein Buch lesen.
74.7%
Ich mag Pizza essen.
72.3%
Er kann gut Basketball spielen.
71.1%
Ich möchte Pizza essen.
71.1%
Ich wollte ein Buch lesen.
69.9%
Du darfst ins Kino gehen.
69.9%
Ich muss in die Schule gehen.
67.5%
Es soll heute regnen.
67.5%
Ich hätte ein Buch lesen wollen.
65.1%
Du dürftest ins Kino gehen.
65.1%
% Correct
Er könnte gut Basketball spielen.
62.7%
Du hättest ins Kino gehen dürfen.
61.4%
Ich mochte Pizza essen.
59%
Ich hätte in die Schule gehen müssen.
57.8%
Er hätte gut Basketball spielen können.
57.8%
Ich musste in die Schule gehen.
56.6%
Du durftest ins Kino gehen.
56.6%
Ich müsste in die Schule gehen.
55.4%
Ich hätte Pizza essen mögen.
54.2%
Es sollte heute regnen.
51.8%
Es hätte heute regnen sollen.
51.8%
Er konnte gut Basketball spielen.
47%
Quiz Playlist
Details
Report
Send in Message
Add To Playlist
Clickable:
Select answers by clicking on text or image buttons
Forced Order:
Answers have to be entered in order
Last Updated: Feb 16, 2017
Quiz Scoreboard
CHALLENGE
Sign Up to Join the Scoreboard
Show All
Scores
Hide
Comments
May contain spoilers
Recently Published
An Introduction to Baseball
by treessimontrees
Sports
5m
Movies - When Are They Set?
by FPL_Elf
Movies
5m
Popular People in 1961
by mucciniale
History
6m
More to Explore
Quiz From the Vault
Featured Blog Post
Where Did the Easter Bunny Come From?
hide this ad
You Might Also Like...
Tags
Clickable Quiz
German Quiz
Subjunctive
Verb
Today's Top Quizzes in Language
Browse Language
hide this ad
Today's Top Quizzes in German
Browse German
Top Contributed Quizzes in Language
1
1-10 Letter F Words III
2
Order Up: Top 10 Most Native Spoken Languages
3
1-10 Letter G Words III
4
1-10 Letter H Words III
5
One Thing in Common: Italy
6
Weisst du, aus welchen Sprachen diese Wörter stammen?
7
1-10 Letter I Words III
8
1-10 Letter J Words III
9
Celtic Nations in their Language
10
Begins and Ends With AN
Explore More
Trending Topics
Crossword
Harry Potter
Anime
Disney
Kpop
NBA
Marvel
Soccer
NFL
Country
Puzzle
WWE
Pokémon
The Office
Song
hide this ad
More By:
Brugp
Quiz
Plays
Rating
Category
Featured
Created
Reformation Matching Game
7,624
4.67
Religion
Apr 13, 2015
Chapter 7 Vocabulary - Doctrinal Terms
2,536
3.40
Religion
Apr 28, 2015
German - Top 100 Words
2,387
3.18
Language
May 29, 2014
German - Forms of Haben
1,631
4.56
Language
May 28, 2014
German top 50 words
1,501
2.30
Language
Oct 27, 2014
Go to Creator's Profile
Score Distribution
Quiz Creator Spotlight
Brugp
Follow
Send a Message
Quizzes Created
-
Created Quiz Play Count
-
More By This Creator
Popular Quizzes Today
1
Find the Countries of Europe - No Outlines Minefield
2
Find the US States - No Outlines Minefield
3
The Countries of the World
4
Popular People in 1961
5
Find the US States
6
US States
7
1-10 Letter E Words III
8
Risky Map Clicking: Biggest States A-Z
More Language Quizzes
Food Clichés
Published
Trending Quizzes
Risky Map Clicking: Least Populous States A-Z
1-10 Letter F Words
1-10 Letter G Words
Not Quite an Element Typing Challenge
One Thing in Common: United Kingdom
Recently Updated
Leaping Animals
pecheneg
Reality TV Shows (A-Z)
bhenderson79
Rickey Henderson's Hall of Fame Teammates
pecheneg
Champions League XIs: Arsenal
pecheneg
Quick Pick: Celebrities in WWE's Hall of Fame
aduchscher
A-Z Keypad Blitz II
pecheneg
Multiple Oscar Actors
pecheneg
Mystery Phrase Blitz: Oscar 'Best Actors'
pecheneg
F. Scott Fitzgerald Novels
LTH
Pick 3 Villains
ddd62291
Trending Topics
Disney
Anime
Kpop
Marvel
NBA
Harry Potter
Crossword
Song
Country
Pokémon
The Office
Soccer
Puzzle
NFL
WWE
Your Account Isn't Verified!
In order to create a playlist on Sporcle, you need to verify the email address you used during registration. Go to your
Sporcle Settings
to finish the process.
Report this User
Report this user for behavior that violates our
Community Guidelines
.
Details:
Send Report
Go to the Sporcle.com Mobile Site →
Comments